01147 2200205 4500001002100000005001500021035002000036008004100056245003700097100001900134250000600153260003800159300001200197084001400209082000800223650001000231520067600241990001200917990001200929INLIS00000000000129820240521100616 a0010-0524000533240521 1 ind 1 aThe White Tiger /cAravind Adiga aAdiga, Aravind a1 aYogyakarta :bSheila/ Andi,c2008 a360 hlm a813 ARA t a813 4aFiksi aMemperkenalkan salah satu sastra berpengaruh, The White Tiger menawarkan kisah kecerdasan yang menggebu-gebu, ketegangan yang membara, dan moralitas yang dipertanyakan, yang diceritakan oleh narator yang paling mudah berubah, menawan, dan benar-benar tak ada bandingannya yang belum pernah ada di milenium ini. Balram Halwai adalah pria yang rumit. Dia merupakan seorang pelayan, filsuf, pengusaha, dan pembunuh. Selama tujuh malam dengan cahaya lampu gantung yang tersebar, Balram menceritakan kepada kita kisah yang mengerikan dan menyentuh tentang bagaimana dia menjadi sukses dalam hidup ketika dirinya tidak memiliki apa-apa selain akalnya sendiri untuk membantunya. a0741438 a0741439